000 00562nam a2200193Ia 4500
003 GCL
008 140319s9999 xx 000 0 ara d
040 _aGCL /
_cGCL
082 0 4 _a415.1
_bع ط
100 1 _aعوض المرسى جهاوى
245 1 0 _aظاهرة التنوين فى اللغة العربية /
_cعوض المرسى جهاوى
260 _a[S.N] :
_bمكتبة الخانجى ،
_c1982
300 _a183 ص
490 _a
650 0 4 _aالنحو
650 0 4 _aاللغة العربية
650 0 4 _aالاصوات
942 _2ddc
_cBK
999 _c36803
_d36803